[Event "ICS rated blitz match"]
[Site "204.178.125.65"]
[Date "2001.01.03"]
[Round "?"]
[White "Hossa"]
[Black "Goberman"]
[Result "1-0"]
[WhiteElo "2575"]
[BlackElo "2405"]
[PlyCount "55"]
[EventDate "2001.??.??"]

1. e4 Nc6 2. Nf3 e5 3. d4 Nxd4 4. Nxd4 exd4 5. Qxd4 Ne7 6. Bc4 Nc6 7. Qd5 Qf6
8. O-O d6 9. Bg5 Qg6 10. Bb5 Bd7 11. Nc3 a6 12. Ba4 h6 13. Bh4 h5 14. Qd3 Qg4
15. Nd5 Rc8 16. Bg3 h4 17. f3 Qg6 18. Bf2 b5 19. Bb3 Ne5 20. Qe2 h3 21. g3 Qh5
22. g4 Nxg4 23. fxg4 Bxg4 24. Qe3 Rh6 25. Bg3 c5 26. Nf4 Qg5 27. Bxf7+ Kxf7 28.
Nxh3+ {Goberman resigns} 1-0

[Event "ICS rated blitz match"]
[Site "204.178.125.65"]
[Date "2001.01.03"]
[Round "?"]
[White "Goberman"]
[Black "Hossa"]
[Result "0-1"]
[WhiteElo "2396"]
[BlackElo "2584"]
[PlyCount "64"]
[EventDate "2001.??.??"]

1. e4 c5 2. c3 Nf6 3. e5 Nd5 4. d4 cxd4 5. Qxd4 e6 6. Qe4 Nc6 7. Nf3 f5 8. Qe2
Be7 9. g3 O-O 10. c4 Qa5+ 11. Bd2 Ndb4 12. Bc3 d5 13. exd6 Bxd6 14. a3 Be7 15.
Bg2 Rd8 16. O-O Qa6 17. Rd1 Nd5 18. b4 Nxc3 19. Rxd8+ Bxd8 20. Nxc3 Bf6 21. Qb2
Qxc4 22. Rc1 Qd3 23. b5 Ne5 24. Nxe5 Bxe5 25. Qb4 Qd2 26. Rd1 Qxc3 27. Rd8+ Kf7
28. Qf8+ Kg6 29. h4 Qc1+ 30. Kh2 Kh6 31. Bf3 Qb2 32. Kg2 Bd4 {Goberman resigns}
0-1

[Event "ICS rated standard match"]
[Site "204.178.125.65"]
[Date "2001.01.03"]
[Round "?"]
[White "HarryEdu"]
[Black "Hossa"]
[Result "0-1"]
[WhiteElo "2124"]
[BlackElo "2321"]
[PlyCount "118"]
[EventDate "2001.??.??"]

1. d4 d6 2. Nf3 Nf6 3. Bf4 Nc6 4. e3 h6 5. c4 Nh5 6. Bg3 Nxg3 7. hxg3 e5 8.
dxe5 Nxe5 9. Nxe5 dxe5 10. Qxd8+ Kxd8 11. a3 Bf5 12. Nc3 Bc2 13. Be2 Bb3 14.
Rc1 f5 15. Nb1 Be7 16. Nd2 Ba4 17. g4 f4 18. exf4 exf4 19. Ne4 Bc6 20. Bf3 Re8
21. O-O Bxa3 22. Rcd1+ Kc8 23. bxa3 Bxe4 24. Rfe1 Bg6 25. Rxe8+ Bxe8 26. Rd4 g5
27. Rd5 Rb8 28. Rf5 b5 29. c5 b4 30. axb4 Rxb4 31. Rf8 Kd7 32. Rh8 Rb1+ 33. Kh2
Rc1 34. c6+ Ke7 35. Rxh6 Rc2 36. Rh7+ Kd6 37. Rg7 Rc5 38. Rg8 Re5 39. g3 fxg3+
40. Kxg3 Kc5 41. Rg7 Kb6 42. Rd7 a5 43. Rd8 Bxc6 44. Bxc6 Kxc6 45. Rd3 Re4 46.
f3 Rc4 47. Re3 Kd5 48. Re8 Rc5 49. Ra8 c6 50. Kf2 Kd4 51. Rd8+ Kc3 52. f4 gxf4
53. Kf3 a4 54. Ra8 Kb3 55. Kxf4 a3 56. g5 a2 57. g6 Rc1 58. Rb8+ Kc2 59. Rc8
Rf1+ {HarryEdu resigns} 0-1

[Event "ICS rated standard match"]
[Site "204.178.125.65"]
[Date "2001.01.03"]
[Round "?"]
[White "Hossa"]
[Black "HarryEdu"]
[Result "1-0"]
[WhiteElo "2329"]
[BlackElo "2116"]
[PlyCount "30"]
[EventDate "2001.??.??"]

1. e4 d6 2. d4 Nf6 3. Nc3 c6 4. f4 g6 5. e5 dxe5 6. fxe5 Nd5 7. Nf3 Bg7 8. Nxd5
Qxd5 9. Be2 O-O 10. O-O e6 11. Bg5 c5 12. Be7 Nc6 13. Bxf8 Bxf8 14. c3 b6 15.
Ng5 Nd8 {HarryEdu resigns} 1-0

[Event "ICS rated blitz match"]
[Site "204.178.125.65"]
[Date "2001.01.03"]
[Round "?"]
[White "Hossa"]
[Black "monsoon"]
[Result "1-0"]
[WhiteElo "2592"]
[BlackElo "2369"]
[PlyCount "143"]
[EventDate "2001.??.??"]

1. e4 c5 2. Nf3 d6 3. d4 cxd4 4. Nxd4 Nf6 5. Nc3 a6 6. Be2 e6 7. O-O Qc7 8. Qd3
e5 9. Nb3 Nc6 10. Bg5 Nb4 11. Qd2 Be6 12. Bxf6 gxf6 13. a3 Nc6 14. Nd5 Qd8 15.
Bc4 Bg7 16. Rad1 b5 17. Be2 O-O 18. f4 Kh8 19. Qd3 exf4 20. Rxf4 Ne5 21. Qg3
Rc8 22. c3 Bxd5 23. exd5 Rg8 24. Qf2 Ng6 25. Re4 Ne5 26. Rf1 Qc7 27. Rh4 Ng6
28. Rh5 Qd7 29. Nd4 Rce8 30. Nf5 Re5 31. Bg4 Re4 32. Bh3 Rf4 33. Qb6 Rxf1+ 34.
Kxf1 Nf4 35. Qf2 Nxh5 36. Nxg7 Qxh3 37. gxh3 Rxg7 38. Qb6 Rg5 39. Qxa6 Rf5+ 40.
Ke1 Re5+ 41. Kf2 Nf4 42. Qxb5 Nxh3+ 43. Kg3 Ng5 44. h4 Ne4+ 45. Kf4 f5 46. Qd7
Kg7 47. c4 h6 48. h5 Kg8 49. Qd8+ Kg7 50. b3 f6 51. Qd7+ Kg8 52. a4 Kh8 53. Qf7
Nc5 54. Qxf6+ Kh7 55. Qg6+ Kh8 56. Qxh6+ Kg8 57. Qg6+ Kh8 58. h6 Re4+ 59. Kxf5
Re5+ 60. Kg4 Re4+ 61. Kf3 Re7 62. Qf6+ Kh7 63. Qxe7+ Kxh6 64. Qxd6+ Kg7 65.
Qxc5 Kf7 66. Kf4 Kg8 67. Kf5 Kf7 68. Qc7+ Ke8 69. Qc5 Kf7 70. Qa7+ Kg8 71. Kg6
Kh8 72. Qa8# {monsoon checkmated} 1-0

[Event "ICS rated standard match"]
[Site "204.178.125.65"]
[Date "2001.01.03"]
[Round "?"]
[White "Hossa"]
[Black "MIKAD"]
[Result "1/2-1/2"]
[WhiteElo "2336"]
[BlackElo "2043"]
[PlyCount "143"]
[EventDate "2001.??.??"]

1. e4 e6 2. d4 d5 3. e5 Qd7 4. Nf3 c5 5. dxc5 Bxc5 6. Nc3 Nc6 7. Bd3 f6 8. O-O
fxe5 9. Nxe5 Nxe5 10. Qh5+ Qf7 11. Qxe5 Nf6 12. Be3 Nd7 13. Bb5 Be7 14. Bxa7
O-O 15. Bxd7 Bxd7 16. Bd4 b5 17. a3 Rfc8 18. Rfe1 Rc4 19. Red1 Bd8 20. b3 Bf6
21. Qe3 Rc7 22. a4 Bxd4 23. Rxd4 Rac8 24. Nxb5 Bxb5 25. axb5 Rxc2 26. b6 R2c6
27. Rb4 Qf6 28. Re1 Qe7 29. b7 Rb8 30. Qa7 Qc7 31. f4 Kf7 32. Rf1 Rc3 33. Qb6
Rc6 34. Qb5 Kg8 35. f5 Rc1 36. Rd4 Rxf1+ 37. Qxf1 Qxb7 38. fxe6 Qxb3 39. Qf7+
Kh8 40. Qf3 Qb1+ 41. Qd1 Qb6 42. e7 Qc5 43. h3 Kg8 44. Kh1 Qxe7 45. Rxd5 Qe4
46. Rd8+ Rxd8 47. Qxd8+ Kf7 48. Qc7+ Qe7 49. Qf4+ Qf6 50. Qe4 h6 51. Kg1 g5 52.
Qh7+ Qg7 53. Qf5+ Qf6 54. Qd7+ Kg6 55. Qe8+ Qf7 56. Qxf7+ Kxf7 57. Kf2 Kf6 58.
Kg3 Kf5 59. Kf2 Kf4 60. Kg1 h5 61. Kf2 h4 62. Ke2 Kg3 63. Kf1 Kf4 64. Ke2 g4
65. hxg4 Kxg4 66. Kf2 Kf4 67. Ke2 Kg3 68. Kf1 Kh2 69. Kf2 h3 70. g4 Kh1 71. g5
h2 72. g6 {MIKAD stalemated} 1/2-1/2

[Event "ICS rated blitz match"]
[Site "204.178.125.65"]
[Date "2001.01.03"]
[Round "?"]
[White "Hossa"]
[Black "gandalf1"]
[Result "0-1"]
[WhiteElo "2595"]
[BlackElo "2635"]
[PlyCount "128"]
[EventDate "2001.??.??"]

1. e4 e5 2. Nf3 Nc6 3. Bb5 a6 4. Bc4 Nf6 5. d3 Bc5 6. O-O O-O 7. Be3 Bb4 8. a3
Be7 9. Nc3 d6 10. Qe2 b5 11. Bb3 Be6 12. Bxe6 fxe6 13. Ng5 Qd7 14. f4 exf4 15.
Bxf4 h6 16. Nf3 Ng4 17. Qd2 e5 18. Bg3 Nd4 19. Ne2 Nxf3+ 20. gxf3 Bg5 21. f4
exf4 22. Bxf4 Bh4 23. Nd4 g5 24. Be3 Nxe3 25. Qxe3 Qg4+ 26. Kh1 Rae8 27. Rxf8+
Rxf8 28. Nf5 Kh7 29. Rf1 Rf7 30. b3 Qh5 31. c3 a5 32. d4 a4 33. Qd3 axb3 34.
Qxb5 Qg4 35. Qe8 Qh5 36. Qe6 b2 37. Qb3 d5 38. Qc2 dxe4 39. Qxe4 Qg6 40. c4 g4
41. Kg2 g3 42. h3 Bg5 43. a4 c6 44. d5 cxd5 45. cxd5 Re7 46. Qc2 Bc1 47. Qb3
Re2+ 48. Kg1 g2 49. Qb7+ Kg8 50. Qc8+ Qe8 51. Qxe8+ Rxe8 52. Kxg2 b1=Q 53.
Nxh6+ Kh7 54. Ng4 Qe4+ 55. Kg3 Qd3+ 56. Rf3 Bf4+ 57. Kg2 Re2+ 58. Rf2 Qe4+ 59.
Kg1 Re1+ 60. Rf1 Be3+ 61. Kh2 Rxf1 62. Kg3 Qf4+ 63. Kh4 Bf2+ 64. Kh5 Qf5# {
Hossa checkmated} 0-1

[Event "ICS rated blitz match"]
[Site "204.178.125.65"]
[Date "2001.01.03"]
[Round "?"]
[White "gandalf1"]
[Black "Hossa"]
[Result "0-1"]
[WhiteElo "2649"]
[BlackElo "2581"]
[PlyCount "60"]
[EventDate "2001.??.??"]

1. d4 d6 2. c4 Nf6 3. Nc3 g6 4. e4 Nbd7 5. f3 c5 6. dxc5 Nxc5 7. Be3 Qb6 8. Qd2
Bd7 9. O-O-O Bg7 10. Bd4 O-O 11. Bxf6 exf6 12. Qxd6 Qxd6 13. Rxd6 f5 14. Nd5
Rfd8 15. b4 Na4 16. exf5 Bb2+ 17. Kd2 Be5 18. Rxd7 Rxd7 19. fxg6 fxg6 20. Kc2
Nb6 21. Kb3 Nxd5 22. cxd5 Rc8 23. Bc4 Rdc7 24. Bb5 Rc1 25. g3 R8c3+ 26. Kb2
Rc5+ 27. Kb3 Rxb5 28. a3 Rxd5 29. f4 Rd3+ 30. Ka4 Bd4 {gandalf1 resigns} 0-1

[Event "ICS rated blitz match"]
[Site "204.178.125.65"]
[Date "2001.01.03"]
[Round "?"]
[White "Hossa"]
[Black "MrXYZ2"]
[Result "1-0"]
[WhiteElo "2600"]
[BlackElo "2654"]
[PlyCount "67"]
[EventDate "2001.??.??"]

1. d4 d5 2. Nf3 e6 3. e3 Nf6 4. Bd3 c5 5. b3 Nc6 6. a3 Be7 7. O-O O-O 8. Nc3 b6
9. Bb2 Bb7 10. Qd2 Rc8 11. Rfd1 Qc7 12. Nb5 Qb8 13. dxc5 bxc5 14. c4 a6 15.
cxd5 exd5 16. Nc3 Rfd8 17. Na4 Qa7 18. Qc2 h6 19. Rac1 Nb8 20. Bxf6 Bxf6 21.
Nxc5 Nd7 22. Bh7+ Kh8 23. b4 Nxc5 24. bxc5 Rc7 25. Nd4 Rdc8 26. Nb3 a5 27. Bf5
Rd8 28. Nd4 Ba6 29. Qa4 Qa8 30. Qxa5 Ra7 31. Qb4 Bc4 32. Bd3 Rxa3 33. Bxc4 dxc4
34. Qxc4 {MrXYZ2 resigns} 1-0

[Event "ICS rated blitz match"]
[Site "204.178.125.65"]
[Date "2001.01.03"]
[Round "?"]
[White "MrXYZ2"]
[Black "Hossa"]
[Result "1/2-1/2"]
[WhiteElo "2636"]
[BlackElo "2618"]
[PlyCount "81"]
[EventDate "2001.??.??"]

1. e4 e5 2. Nf3 Nc6 3. Nc3 Nf6 4. d4 exd4 5. Nxd4 Bc5 6. Be3 Bxd4 7. Bxd4 O-O
8. Be2 Nxd4 9. Qxd4 d6 10. O-O-O Be6 11. e5 dxe5 12. Qxe5 Qe7 13. Bc4 Rad8 14.
Bxe6 fxe6 15. h3 Nd7 16. Qe3 a5 17. Rhe1 c6 18. Qxe6+ Qxe6 19. Rxe6 Rxf2 20.
Red6 Rf7 21. Ne4 Re8 22. Rxd7 Rxe4 23. Rd8+ Rf8 24. R8d7 Re2 25. g4 b5 26. Rc7
Rh2 27. b3 Rxh3 28. Rdd7 g6 29. Rxc6 Rg3 30. Rcc7 Rf1+ 31. Kb2 Rxg4 32. Rg7+
Kf8 33. Rxh7 Kg8 34. Rhg7+ Kf8 35. Rgd7 Re1 36. Rf7+ Kg8 37. Rg7+ Kh8 38. Rh7+
Kg8 39. Rhg7+ Kh8 40. Rh7+ Kg8 41. Rhg7+ {Game drawn by repetition} 1/2-1/2

[Event "ICS Rated blitz match"]
[Site "204.178.125.65"]
[Date "2001.01.03"]
[Round "?"]
[White "gandalf1"]
[Black "Hossa"]
[Result "1/2-1/2"]
[WhiteElo "2617"]
[BlackElo "2619"]
[PlyCount "262"]
[EventDate "2001.??.??"]

1. e4 e5 2. Nc3 Nf6 3. f4 d5 4. exd5 Nxd5 5. Nxd5 Qxd5 6. fxe5 Qxe5+ 7. Qe2
Qxe2+ 8. Nxe2 Nc6 9. d3 Bd6 10. Bd2 Nb4 11. Bxb4 Bxb4+ 12. c3 Bd6 13. h3 Ke7
14. O-O-O Kf6 15. c4 Bd7 16. d4 Rhe8 17. Nc3 Bc6 18. d5 Bd7 19. Bd3 Bf4+ 20.
Kc2 Be5 21. Rhf1+ Ke7 22. Rde1 Kf8 23. Bxh7 Bxc3 24. Rxe8+ Rxe8 25. Kxc3 Re2
26. Bg6 Be8 27. g4 Re3+ 28. Kd4 Re2 29. b3 Rxa2 30. Bf5 Rd2+ 31. Bd3 g5 32. Rf5
Rh2 33. Rxg5 Rxh3 34. Rh5 Rg3 35. g5 Bd7 36. b4 Rg1 37. Be4 Ke7 38. d6+ Kxd6
39. c5+ Ke6 40. Bxb7 Kf5 41. Be4+ Kf4 42. Bd5 Rd1+ 43. Kc4 Be8 44. Rh7 a6 45.
Bxf7 Bb5+ 46. Kc3 Kxg5 47. Rh3 Kf4 48. Bb3 Rc1+ 49. Kd4 Rb1 50. Kd5 Bf1 51. Rc3
Bg2+ 52. Kc4 c6 53. Kd4 Be4 54. Re3 Bf5 55. Bc4 Rxb4 56. Re1 a5 57. Rf1+ Kg5
58. Kc3 Rb7 59. Ba6 Re7 60. Rg1+ Kf6 61. Ra1 Ra7 62. Bc4 Bg4 63. Rf1+ Ke5 64.
Re1+ Kf5 65. Rf1+ Ke4 66. Re1+ Kf3 67. Re8 Kf2 68. Rf8+ Ke3 69. Re8+ Kf4 70.
Rf8+ Kg5 71. Rg8+ Kh4 72. Rh8+ Kg3 73. Rg8 Re7 74. Rg6 Kf4 75. Rxc6 Re3+ 76.
Kb2 a4 77. Rd6 a3+ 78. Ka2 Bf5 79. Bb3 Rc3 80. Rc6 Be4 81. Rc7 Ke5 82. Kxa3 Bd5
83. Re7+ Kf6 84. Re1 Rxb3+ 85. Ka4 Rc3 86. Rf1+ Ke5 87. Kb4 Rb3+ 88. Ka4 Rb8
89. Re1+ Kd4 90. Rd1+ Kc3 91. Ka5 Bf3 92. Rc1+ Kd2 93. Rc4 Bc6 94. Rb4 Rc8 95.
Kb6 Ke3 96. Rh4 Kd3 97. Rh2 Ke4 98. Rd2 Ke5 99. Rd6 Bd5 100. Rg6 Rb8+ 101. Kc7
Rb7+ 102. Kc8 Rh7 103. Rd6 Be6+ 104. Kb8 Re7 105. Rd3 Re8+ 106. Kb7 Bd5+ 107.
Kc7 Re7+ 108. Kc8 Rf7 109. Rd1 Be6+ 110. Kd8 Bg4 111. Rd2 Bf3 112. Kc8 Bc6 113.
Rd6 Bb5 114. Kd8 Rh7 115. Kc8 Rg7 116. Kd8 Ra7 117. Kc8 Re7 118. Kb8 Bc4 119.
Rd2 Re8+ 120. Kb7 Bd5+ 121. Kc7 Re6 122. Re2+ Kf5 123. Rxe6 Kxe6 124. Kd8 Be4
125. Ke8 Bf3 126. Kf8 Bg2 127. Kg8 Bh1 128. Kh8 Bg2 129. Kg8 Bh1 130. Kh8 Bg2
131. Kg8 Bh1 {Game drawn by repetition} 1/2-1/2

[Event "ICS rated blitz match"]
[Site "204.178.125.65"]
[Date "2001.01.04"]
[Round "?"]
[White "Hossa"]
[Black "parnenzinij"]
[Result "1-0"]
[WhiteElo "2619"]
[BlackElo "1994"]
[PlyCount "45"]
[EventDate "2001.??.??"]

1. e4 Nf6 2. e5 Nd5 3. d4 d6 4. Nf3 Nc6 5. Be2 g6 6. c4 Nb6 7. exd6 cxd6 8. d5
Na5 9. Bd2 Nd7 10. b4 Nxc4 11. Bxc4 Bg7 12. Bc3 Nf6 13. O-O O-O 14. Re1 a6 15.
Nbd2 b5 16. Bb3 Re8 17. Ne4 Nxe4 18. Bxg7 Kxg7 19. Rxe4 Bf5 20. Rh4 Rc8 21.
Qd4+ f6 22. Ng5 h6 23. Rxh6 {parnenzinij resigns} 1-0

[Event "ICS rated blitz match"]
[Site "204.178.125.65"]
[Date "2001.01.04"]
[Round "?"]
[White "armenjan"]
[Black "Hossa"]
[Result "0-1"]
[WhiteElo "2004"]
[BlackElo "2620"]
[PlyCount "70"]
[EventDate "2001.??.??"]

1. d4 Nf6 2. c4 c5 3. d5 g6 4. Nc3 Bg7 5. e4 d6 6. Bd3 e5 7. h3 O-O 8. Nf3 Qe7
9. Be3 Na6 10. O-O Nb4 11. Bb1 Qd8 12. a3 Na6 13. Bc2 Nh5 14. Rb1 Bd7 15. b4
cxb4 16. axb4 Qc8 17. Bd3 f5 18. Ng5 Nf4 19. exf5 Nxd3 20. fxg6 Qxc4 21. gxh7+
Kh8 22. Nce4 Qxd5 23. b5 Nab4 24. Qh5 Be8 25. Qh4 Bxb5 26. Rfd1 Qc4 27. Qh5 Be8
28. Qg4 d5 29. Qe6 Qc2 30. Nd6 Bh5 31. g4 Be8 32. Ngf7+ Kxh7 33. Bh6 Qxf2+ 34.
Kh1 Bxf7 35. Nxf7 Qf3+ {armenjan resigns} 0-1

[Event "ICS rated blitz match"]
[Site "204.178.125.65"]
[Date "2001.01.04"]
[Round "?"]
[White "Hossa"]
[Black "Rashed"]
[Result "1-0"]
[WhiteElo "2621"]
[BlackElo "2096"]
[PlyCount "75"]
[EventDate "2001.??.??"]

1. e4 e5 2. Nf3 Nc6 3. Bb5 a6 4. Ba4 Nf6 5. O-O Be7 6. Re1 b5 7. Bb3 O-O 8. c3
Na5 9. Nxe5 d6 10. Nxf7 Rxf7 11. Bxf7+ Kxf7 12. d3 Kg8 13. Bg5 Nb7 14. d4 Be6
15. Nd2 Qd7 16. e5 dxe5 17. dxe5 Nd5 18. Bxe7 Qxe7 19. Nf3 Rf8 20. Nd4 c5 21.
Nxe6 Qxe6 22. Qd2 Nd8 23. Rad1 Ne7 24. Qd7 Nec6 25. Qxe6+ Nxe6 26. Rd6 Ned8 27.
e6 Re8 28. f4 Ne7 29. Rxa6 Nd5 30. Ra8 Kf8 31. Rd1 Nxe6 32. Rxe8+ Kxe8 33. Rxd5
Nxf4 34. Re5+ Kd7 35. Rxc5 Ne2+ 36. Kf2 b4 37. Kxe2 bxc3 38. Rxc3 {
Rashed resigns} 1-0

[Event "ICS rated blitz match"]
[Site "204.178.125.65"]
[Date "2001.01.04"]
[Round "?"]
[White "Rashed"]
[Black "Hossa"]
[Result "0-1"]
[WhiteElo "2095"]
[BlackElo "2622"]
[PlyCount "54"]
[EventDate "2001.??.??"]

1. d4 d6 2. c4 Nf6 3. Nc3 g6 4. e4 Nbd7 5. Nf3 Bg7 6. Be2 O-O 7. O-O e5 8. d5
Nc5 9. Qc2 c6 10. b4 Na6 11. b5 cxb5 12. cxb5 Nc5 13. Nd2 a6 14. a4 axb5 15.
Nxb5 b6 16. Ba3 Rxa4 17. Bxc5 Rxa1 18. Rxa1 bxc5 19. f3 Ne8 20. Ra7 f5 21. Nc4
fxe4 22. fxe4 Bf6 23. Bf3 Bh4 24. Qa4 Bd7 25. Qa6 Qg5 26. Rb7 Qc1+ 27. Bd1
Qxd1# {Rashed checkmated} 0-1

[Event "ICS rated blitz match"]
[Site "204.178.125.65"]
[Date "2001.01.04"]
[Round "?"]
[White "Hossa"]
[Black "pob"]
[Result "0-1"]
[WhiteElo "2623"]
[BlackElo "2089"]
[PlyCount "82"]
[EventDate "2001.??.??"]

1. e4 e5 2. Nf3 Nc6 3. Bb5 a6 4. Ba4 Nf6 5. O-O b5 6. Bb3 Be7 7. Re1 d6 8. d4
exd4 9. Qd2 O-O 10. Kh1 Be6 11. Bxe6 fxe6 12. Nxd4 Nxd4 13. Qxd4 e5 14. Qc3 Qe8
15. Qxc7 Rc8 16. Qa7 Rxc2 17. Na3 Rc8 18. Qxa6 Ng4 19. Qxb5 Qh5 20. Qd5+ Kh8
21. h3 Nxf2+ 22. Kh2 Nxh3 23. Qd1 Qh4 24. Bg5 Bxg5 25. Qd3 Bf4+ 26. g3 Bxg3+
27. Qxg3 Rf2+ 28. Qxf2 Nxf2+ 29. Kg2 Nxe4 30. Rf1 Qg3+ 31. Kh1 Ng5 32. Rab1 e4
33. Rf5 Nf3 34. Rh5 Rc5 35. Rh4 Qxh4+ 36. Kg2 Qg4+ 37. Kf2 Rd5 38. Nc4 Qf4 39.
Ne5 Nxe5+ 40. Ke1 Rd2 41. Rd1 Qf2# {Hossa checkmated} 0-1

[Event "ICS rated blitz match"]
[Site "204.178.125.65"]
[Date "2001.01.04"]
[Round "?"]
[White "Hossa"]
[Black "Talaniekow"]
[Result "1-0"]
[WhiteElo "2592"]
[BlackElo "1953"]
[PlyCount "61"]
[EventDate "2001.??.??"]

1. e4 e6 2. d4 d5 3. e5 c5 4. c3 Nc6 5. Nf3 cxd4 6. cxd4 Nge7 7. Nc3 Nf5 8. Bf4
Qb6 9. Bb5 a6 10. Bxc6+ bxc6 11. g4 Ne7 12. Na4 Qc7 13. h4 Ng6 14. Bd2 Bd7 15.
h5 Ne7 16. Qc2 Nc8 17. h6 g6 18. O-O Nb6 19. Ba5 Rb8 20. Nxb6 Rxb6 21. Rfc1 Qb7
22. Bxb6 Qxb6 23. Qb3 Qxb3 24. axb3 Bxh6 25. g5 Bg7 26. Rxa6 O-O 27. Rca1 h6
28. Ra7 Be8 29. Re7 hxg5 30. Ra8 c5 31. Rexe8 {Talaniekow resigns} 1-0

[Event "ICS rated blitz match"]
[Site "204.178.125.65"]
[Date "2001.01.04"]
[Round "?"]
[White "Talaniekow"]
[Black "Hossa"]
[Result "0-1"]
[WhiteElo "1952"]
[BlackElo "2593"]
[PlyCount "52"]
[EventDate "2001.??.??"]

1. c4 c5 2. Nc3 Nf6 3. g3 d5 4. cxd5 Nxd5 5. Bg2 Nc7 6. Nf3 Nc6 7. O-O e5 8. d3
Be7 9. Be3 O-O 10. a3 Bg4 11. h3 Bf5 12. Rb1 Qd7 13. Kh2 c4 14. Ne1 Rfd8 15.
Rc1 cxd3 16. exd3 Rab8 17. Qe2 Nd4 18. Bxd4 exd4 19. Ne4 Re8 20. Qc2 Ne6 21. g4
Rbc8 22. Qd2 Rxc1 23. Qxc1 Bxe4 24. Bxe4 Bd6+ 25. Kg1 Nf4 26. Bg2 Ne2+ {
Talaniekow resigns} 0-1

[Event "ICS rated blitz match"]
[Site "204.178.125.65"]
[Date "2001.01.04"]
[Round "?"]
[White "Hossa"]
[Black "PrinceCharles"]
[Result "1-0"]
[WhiteElo "2594"]
[BlackElo "1956"]
[PlyCount "48"]
[EventDate "2001.??.??"]

1. d4 Nf6 2. Nf3 g6 3. Nc3 Bg7 4. e4 d6 5. Bd3 Nc6 6. d5 Nb8 7. O-O Bg4 8. h3
Bxf3 9. Qxf3 O-O 10. Bg5 h6 11. Bf4 Nbd7 12. Qe3 Kh7 13. Bc4 Nh5 14. Bh2 Ne5
15. Be2 Nf6 16. f4 Ned7 17. e5 Ng8 18. Bc4 f5 19. Bb5 a6 20. Bc4 b5 21. Be2 Nc5
22. Qd4 Rb8 23. b4 Nd7 24. a4 bxa4 {PrinceCharles resigns} 1-0

[Event "ICS rated blitz match"]
[Site "204.178.125.65"]
[Date "2001.01.04"]
[Round "?"]
[White "carpante"]
[Black "Hossa"]
[Result "0-1"]
[WhiteElo "2257"]
[BlackElo "2598"]
[PlyCount "88"]
[EventDate "2001.??.??"]

1. d4 d6 2. Nf3 Nf6 3. Bg5 Ne4 4. h4 c5 5. c3 Nxg5 6. hxg5 cxd4 7. cxd4 Qb6 8.
Qb3 Qxb3 9. axb3 Bf5 10. Nbd2 d5 11. e3 Nc6 12. Nh4 Bd7 13. O-O-O Bg4 14. f3
Bd7 15. Kb1 Rc8 16. Rc1 e6 17. f4 Bb4 18. Ndf3 a6 19. Bd3 Ba5 20. g4 Bc7 21. f5
Nb4 22. Be2 exf5 23. gxf5 Bg3 24. Rxc8+ Bxc8 25. Rf1 Bd7 26. Kc1 h6 27. g6 f6
28. Kd2 Ke7 29. Rg1 Bd6 30. Rc1 Re8 31. Bf1 Bg3 32. Bh3 Bb5 33. Ng2 Nd3 34. Rc3
Nf2 35. Ng1 Ne4+ 36. Kc2 Kd6 37. Ne2 Bxe2 38. Nf4 Nxc3 39. bxc3 Rxe3 40. Nxe2
Rxe2+ 41. Kd3 Rb2 42. Bf1 b5 43. Be2 Bf4 44. Bf3 Rd2# {carpante checkmated} 0-1

[Event "ICS rated blitz match"]
[Site "204.178.125.65"]
[Date "2001.01.04"]
[Round "?"]
[White "Hossa"]
[Black "dynamo"]
[Result "1-0"]
[WhiteElo "2602"]
[BlackElo "2035"]
[PlyCount "31"]
[EventDate "2001.??.??"]

1. e4 c5 2. Nf3 d6 3. d4 cxd4 4. Nxd4 Nf6 5. Nc3 a6 6. Be2 e6 7. O-O Be7 8. Be3
Qc7 9. Bd3 O-O 10. f3 b5 11. Qd2 Bb7 12. a4 b4 13. Nce2 Nbd7 14. Qxb4 a5 15.
Qc3 Rab8 16. Qxc7 {dynamo resigns} 1-0

[Event "ICS Rated blitz match"]
[Site "204.178.125.65"]
[Date "2001.01.04"]
[Round "?"]
[White "pob"]
[Black "Hossa"]
[Result "0-1"]
[WhiteElo "2181"]
[BlackElo "2605"]
[PlyCount "70"]
[EventDate "2001.??.??"]

1. e4 e5 2. Nf3 Nc6 3. Bb5 a6 4. Ba4 Nf6 5. O-O b5 6. Bb3 Be7 7. Re1 d6 8. c3
O-O 9. h3 b4 10. d4 bxc3 11. bxc3 Rb8 12. Nbd2 exd4 13. cxd4 d5 14. e5 Nh5 15.
Nf1 Bb4 16. Bd2 Bxd2 17. Qxd2 f6 18. Rac1 Ne7 19. exf6 Nxf6 20. Ng3 Rb6 21. Ne5
Bd7 22. Rc5 Bb5 23. Qg5 Kh8 24. Nh5 Nxh5 25. Qxh5 Rbf6 26. f3 h6 27. Bxd5 Be8
28. Qg4 Nxd5 29. Qe4 Nf4 30. Ng4 Rb6 31. d5 Rb2 32. Nf2 Qg5 33. g4 Qh4 34. Qxf4
Qxf2+ 35. Kh1 Qxe1# {pob checkmated} 0-1

[Event "ICS rated blitz match"]
[Site "204.178.125.65"]
[Date "2001.01.04"]
[Round "?"]
[White "PostModernist"]
[Black "Hossa"]
[Result "1-0"]
[WhiteElo "2586"]
[BlackElo "2608"]
[PlyCount "83"]
[EventDate "2001.??.??"]

1. d4 d6 2. g3 Nf6 3. Bg2 g6 4. Nf3 Bg7 5. O-O O-O 6. c4 Na6 7. Nc3 c5 8. d5 e5
9. e4 Bd7 10. Bg5 h6 11. Be3 Ng4 12. Bd2 Qc8 13. Qc1 Nb4 14. a3 Na6 15. Nb5
Bxb5 16. cxb5 Nc7 17. a4 Qd7 18. h3 Nf6 19. Bxh6 Nxe4 20. Nxe5 dxe5 21. Bxg7
Kxg7 22. Bxe4 Qxh3 23. Bg2 Qh7 24. Qxc5 Rh8 25. Rfd1 Qh2+ 26. Kf1 Ne8 27. d6
Rb8 28. d7 Nf6 29. Qxe5 Qh6 30. g4 g5 31. f4 Qh4 32. fxg5 Rhd8 33. Bf3 Qh3+ 34.
Kf2 Qh4+ 35. Kg2 Kg8 36. gxf6 Qh7 37. Qg5+ Kf8 38. Rh1 Rdc8 39. Rxh7 Rc2+ 40.
Kg1 Rc1+ 41. Rxc1 Rd8 42. Qg7# {Hossa checkmated} 1-0

[Event "ICS rated blitz match"]
[Site "204.178.125.65"]
[Date "2001.01.04"]
[Round "?"]
[White "Hossa"]
[Black "VIP"]
[Result "1-0"]
[WhiteElo "2591"]
[BlackElo "2182"]
[PlyCount "25"]
[EventDate "2001.??.??"]

1. d4 Nf6 2. Nf3 g6 3. Nc3 Bg7 4. e4 O-O 5. e5 Ne8 6. h4 d6 7. h5 dxe5 8. dxe5
Qxd1+ 9. Nxd1 Bg4 10. hxg6 hxg6 11. Ng5 f6 12. Bc4+ e6 13. Nxe6 {VIP resigns}
1-0

[Event "ICS rated blitz match"]
[Site "204.178.125.65"]
[Date "2001.01.04"]
[Round "?"]
[White "VIP"]
[Black "Hossa"]
[Result "1/2-1/2"]
[WhiteElo "2179"]
[BlackElo "2594"]
[PlyCount "216"]
[EventDate "2001.??.??"]

1. e4 e5 2. Nf3 Nc6 3. Bc4 Be7 4. d4 d6 5. dxe5 dxe5 6. Qxd8+ Bxd8 7. O-O Nf6
8. Re1 O-O 9. c3 Be7 10. Bg5 h6 11. Bxf6 Bxf6 12. Na3 Bg4 13. Be2 Rfd8 14. Rad1
a6 15. h3 Bd7 16. Rd2 Be6 17. b3 Rxd2 18. Nxd2 Rd8 19. Nf3 b5 20. Rd1 Rxd1+ 21.
Bxd1 b4 22. Nb1 a5 23. c4 Nd4 24. Nxd4 exd4 25. Kf1 d3 26. f4 Bd4 27. Ke1 Be3
28. f5 Bd7 29. Nd2 Bf4 30. Bf3 Be5 31. Nf1 Bc3+ 32. Kd1 Kf8 33. Ne3 Ke8 34. Nd5
Kd8 35. g4 Bc8 36. Bg2 c6 37. Nf4 d2 38. Ne2 Kc7 39. Ng3 Kd6 40. Bf3 Ke5 41.
Ne2 Bb7 42. Kc2 Bd4 43. Kxd2 Bf2 44. Kd3 f6 45. Bg2 c5 46. Bf3 Bc6 47. Bg2 a4
48. Bf3 Bd7 49. Bg2 axb3 50. axb3 Bc6 51. Bf3 Be8 52. Bg2 h5 53. Bf3 hxg4 54.
hxg4 Bc6 55. Bg2 Bd7 56. Bf3 Bh4 57. Bg2 Be8 58. Bf3 Bf2 59. Bg2 Bf7 60. Bf3 g5
61. Bg2 Be1 62. Bf3 Be8 63. Bg2 Bc6 64. Bf3 Bf2 65. Bg2 Bd7 66. Bf3 Bc8 67. Bg2
Ba6 68. Bf3 Bb7 69. Bg2 Ba8 70. Bf3 Be1 71. Bg2 Bb7 72. Bf3 Bc8 73. Bg2 Bd7 74.
Bf3 Kd6 75. Bg2 Bf2 76. Bf3 Bc6 77. e5+ fxe5 78. Bxc6 Kxc6 79. Ke4 Kd6 80. f6
Ke6 81. Nc1 Kxf6 82. Nd3 Bd4 83. Ne1 Ke6 84. Nf3 Ke7 85. Nxg5 Kf6 86. Nf3 Bb2
87. g5+ Ke6 88. Nh4 Bc3 89. Nf3 Ba1 90. g6 Bd4 91. g7 Kf7 92. Nxe5+ Kxg7 93.
Nd7 Kf7 94. Kd5 Ke7 95. Nxc5 Bb2 96. Nd3 Bc3 97. c5 Kd7 98. c6+ Kc7 99. Nxb4
Bxb4 100. Kc4 Ba5 101. b4 Bb6 102. b5 Kc8 103. Kd5 Ba7 104. Ke6 Bc5 105. b6 Kb8
106. c7+ Kc8 107. b7+ Kxc7 108. b8=Q+ Kxb8 {
Game drawn because neither player has mating material} 1/2-1/2